000 00449nam a2200181Ia 4500
005 20240823053059.0
008 240823s9999||||xx |||||||||||||| ||und||
041 _aENGLISH
082 _A005.73 N1
100 _aKruse Robert L.
245 0 _aData Structures and Program Design in C
250 _a1st
260 _c1991
_b"PHI,New Delhi"
500 _aYES
650 _aData Structure
_bInformation Technology
942 _cBK
999 _c223355
_d223355